Of powers and their politics: a critique of theoretical approaches (Record no. 388)

MARC details
000 -LEADER
fixed length control field 00587nam a2200145 a 4500
008 - FIXED-LENGTH DATA ELEMENTS--GENERAL INFORMATION
fixed length control field 120712s1968 ||||||||||||||||| || u
050 ## - LIBRARY OF CONGRESS CALL NUMBER
Classification number JC 330 Bur
100 ## - MAIN ENTRY--PERSONAL NAME
Personal name Burns, Arthur Lee
245 10 - TITLE STATEMENT
Title Of powers and their politics: a critique of theoretical approaches
Statement of responsibility, etc. by Arthur Lee Burns
260 ## - PUBLICATION, DISTRIBUTION, ETC.
Place of publication, distribution, etc. Englewood Cliffs, NJ:
Name of publisher, distributor, etc. Prentice-Hall
Date of publication, distribution, etc. 1968
300 ## - PHYSICAL DESCRIPTION
Extent xv, 299p.: ill.
500 ## - GENERAL NOTE
General note Bibliography
650 #0 - SUBJECT ADDED ENTRY--TOPICAL TERM
Topical term or geographic name entry element POWER (SOCIAL SCIENCES)
995 ## -
-- SPECIAL COLLECTIONS
-- 500093
-- CBU-DAG HAMMARSKJOLD INSTITUTE LIBRARY
-- DAG JC 330 Bur
-- 1
-- AVAILABLE
-- Sep 3, 2012
-- 500093
-- DHIPS Book Collection
999 ## -
-- 388
-- 388
Holdings
Withdrawn status Lost status Source of classification or shelving scheme Damaged status Not for loan Permanent Location Current Location Shelving location Date acquired Total Checkouts Full call number Barcode Date last seen Price effective from Koha item type
          CBU-DAG HAMMARSKJOLD INSTITUTE CBU-DAG HAMMARSKJOLD INSTITUTE   11/28/2022   JC 330 Bur 500093 11/28/2022 11/28/2022 MONOGRAPH